[Event "Arad Open 2013"]
[Site "Arad ROU"]
[Date "2013.08.06"]
[Round "6.21"]
[White "Tarleva,V"]
[Black "Cvetkovic,Sr"]
[Result "0-1"]
[WhiteElo "2115"]
[BlackElo "2352"]

1.e4 c5 2.Nf3 e6 3.Nc3 Nc6 4.d4 cxd4 5.Nxd4 a6 6.g3 d6 7.Bg2 Bd7 8.O-O Be7
9.a4 Nf6 10.Nxc6 Bxc6 11.a5 O-O 12.Bf4 Rc8 13.Qe2 Nd7 14.Rfd1 Qc7 15.Be3 Bf6
16.Bd4 Rfd8 17.Qe3 h6 18.Ne2 e5 19.Bb6 Nxb6 20.axb6 Qd7 21.Nc3 Be7 22.h4 Bb5
23.Kh2 Bc4 24.Rd2 Be6 25.Ra5 Rc6 26.Nd5 Rdc8 27.Nc7 Bd8 28.Nxe6 fxe6 29.Qb3 Rxb6
30.Qa2 Rxb2 31.Qxb2 Bxa5 32.Rd3 Rf8 33.Qxe5 dxe5 34.Rxd7 Rxf2 35.Rxb7 Rxc2
36.Ra7 Be1 37.Rxa6 Rc3 38.h5 Bxg3+ 39.Kg1 Rc1+ 40.Bf1 Kf7 41.Kg2 Bf4 42.Ra7+ Kf6
43.Bb5 Rc2+ 44.Kh3 g6 45.Kg4 gxh5+ 46.Kxh5 Rh2+ 47.Kg4 h5+ 48.Kf3 Rh3+ 49.Kg2 Rg3+
50.Kf1 h4 51.Be8 Rg8 52.Rf7+ Kg5 53.Bd7 h3 54.Bxe6 h2 55.Rh7 Rb8 56.Bc4 Rb1+
57.Kg2 Rg1+  0-1

[Event "39th Badalona Open A"]
[Site "Badalona ESP"]
[Date "2013.08.06"]
[Round "5.5"]
[White "Guerra Mendez,J"]
[Black "Perpinya Rofes,L"]
[Result "1-0"]
[WhiteElo "2516"]
[BlackElo "2403"]

1.e4 c5 2.Nf3 Nc6 3.d4 cxd4 4.Nxd4 e6 5.Nc3 d6 6.g4 a6 7.Be3 Nge7 8.Qe2 Nxd4
9.Bxd4 Nc6 10.Be3 b5 11.f4 Be7 12.O-O-O Qa5 13.Qf2 Rb8 14.Kb1 b4 15.Ne2 O-O
16.g5 Rd8 17.Bg2 Qb5 18.f5 exf5 19.Rd5 Qb7 20.exf5 Bf8 21.g6 Qc7 22.Nf4 Ne5
23.Qh4 hxg6 24.fxg6 fxg6 25.Rd2 Bb7 26.Ne6 Qc4 27.Qxc4 Nxc4 28.Bxb7 Re8 29.Nc7 Nxd2+
30.Bxd2 Re2 31.Bd5+ Kh7 32.Bc1 a5 33.h4 Be7 34.Ne6 Kh8 35.Ng5 Rf8 36.h5 Bxg5
37.Bxg5 Kh7 38.Bc4 Rg2 39.Be7 Rff2 40.Bd3 Rh2 41.hxg6+ Kh8 42.Re1 d5 43.b3  1-0

[Event "22nd Kavala Open 2013"]
[Site "Kavala GRE"]
[Date "2013.08.06"]
[Round "1.2"]
[White "Papakonstantinou,Di1"]
[Black "Mastrovasilis,D"]
[Result "0-1"]
[WhiteElo "2141"]
[BlackElo "2595"]

1.e4 c5 2.Nf3 e6 3.d4 cxd4 4.Nxd4 Nc6 5.Nc3 Qc7 6.Be2 a6 7.O-O Nf6 8.Kh1 Nxd4
9.Qxd4 Bc5 10.Qd3 b5 11.f4 Bb7 12.Bf3 h5 13.Bd2 Rc8 14.Rae1 b4 15.Nd1 Be7
16.c3 a5 17.Nf2 h4 18.Rc1 Qb8 19.cxb4 axb4 20.Rxc8+ Qxc8 21.Rc1 Qa8 22.Qb5 O-O
23.Bxb4 Bc6 24.Qa5 Bxb4 25.Qxb4 Rb8 26.Qd4 Qxa2 27.b4 Ra8 28.Nd3 Ra3 29.Ne5 h3
30.Rg1 Qc2 31.Nxc6 Qxc6 32.gxh3 Qc3 33.Qxc3 Rxc3 34.e5 Rxf3 35.exf6 Rxf4
36.Rxg7+ Kf8 37.Rg1 Rxb4 38.Rf1 Rh4 39.Kg2 Rh6 40.Rf3 Kg8 41.Kf2 Kh7 42.Ke3 Kg6
43.Ke4 d6 44.Kd4 Rh4+ 45.Ke3 Rh5 46.Ke4 Re5+ 47.Kd4 Rf5  0-1

[Event "2nd Washington Int"]
[Site "Rockville USA"]
[Date "2013.08.06"]
[Round "2.2"]
[White "Ostrovskiy,Al"]
[Black "Quesada Perez,Yu"]
[Result "1-0"]
[WhiteElo "2410"]
[BlackElo "2636"]

1.e4 c5 2.Nf3 e6 3.d4 cxd4 4.Nxd4 Nc6 5.Nc3 Qc7 6.Be3 a6 7.Qd2 Nf6 8.O-O-O Be7
9.f3 b5 10.g4 Nxd4 11.Qxd4 Bb7 12.g5 Nh5 13.Ne2 Rc8 14.Qd2 d5 15.e5 Qxe5
16.f4 Qc7 17.Nd4 Bd6 18.Be2 Nxf4 19.Bxb5+ Kf8 20.Rhf1 e5 21.Bxf4 exf4 22.Ba4 g6
23.Ne2 h6 24.gxh6 g5 25.h4 Rxh6 26.hxg5 Rh2 27.Qd3 Qc4 28.Qxc4 Rxc4 29.Bb3 Re4
30.Nc3 Re5 31.Bxd5 Bxd5 32.Rxd5 Rxd5 33.Nxd5 Rh4 34.Kd2 Kg7 35.b4 Kg6 36.c4 Kxg5
37.c5 Be5 38.c6 Rh2+ 39.Kd3 Rxa2 40.c7 Bxc7 41.Nxc7 Kg4 42.Nd5 f3 43.Rg1+ Rg2
44.Ra1 Kg3 45.Rxa6 f2 46.Rf6 Rg1 47.Ne3 Rb1 48.Rxf7 Rxb4 49.Nf1+ Kg2 50.Ne3+ Kg3
51.Nf1+ Kg2 52.Nd2 Rg4 53.Ke3 Rg3+ 54.Ke2 Ra3 55.Rg7+ Rg3 56.Rf7 Ra3 57.Rxf2+ Kg3
58.Rf5 Kg4 59.Rf8 Kg5 60.Nc4 Rb3 61.Ne3 Rb4 62.Kf3 Ra4 63.Nc2 Rc4 64.Ne1 Ra4
65.Nd3 Rc4 66.Nf2 Ra4 67.Ne4+ Kg6 68.Kf4 Ra1 69.Rf6+ Kg7 70.Rc6 Rf1+ 71.Ke5 Re1
72.Rc2 Kf7 73.Rh2 Kg7 74.Rh4 Kf7 75.Rg4 Re3 76.Rg1 Re2 77.Kf5 Ra2 78.Nd6+ Ke7
79.Nc4 Kd7 80.Ke5 Re2+ 81.Kd5 Ke7 82.Rg3 Re1 83.Ne3 Kf6 84.Rf3+ Ke7 85.Nf5+ Kf6
86.Ne3+ Ke7 87.Nc2 Rh1 88.Rf5 Rg1 89.Nd4 Rd1 90.Rf3 Ke8 91.Ke5 Ke7 92.Re3 Kd7
93.Kd5 Rh1 94.Re5  1-0

[Event "FSGM August 2013"]
[Site "Budapest HUN"]
[Date "2013.08.07"]
[Round "5.4"]
[White "Santarius,E"]
[Black "Stefansson,H"]
[Result "1-0"]
[WhiteElo "2263"]
[BlackElo "2526"]

1.e4 c5 2.Nf3 e6 3.d4 cxd4 4.Nxd4 Nc6 5.Nc3 Qc7 6.g3 a6 7.Bg2 d6 8.O-O Nf6
9.Re1 Rb8 10.Nxc6 bxc6 11.e5 dxe5 12.Rxe5 Bd6 13.Re1 O-O 14.Qe2 e5 15.b3 a5
16.Bg5 Bb4 17.Bxf6 gxf6 18.Qf3 f5 19.a3 Bc5 20.Ne2 Rd8 21.Bh3 Qd7 22.Rad1 Bd6
23.Rd2 c5 24.Red1 Qe6 25.Qe3 Qf6 26.f4 e4 27.Qc3 Qe7 28.Qxa5 Be6 29.Qc3 Ra8
30.Ra1 Bc7 31.Rxd8+ Qxd8 32.Bf1 Ba5 33.b4 cxb4 34.axb4 Rc8 35.Qb2 Bb6+ 36.Kg2 Qd2
37.Kh3 Qxc2 38.Qe5 Qd2 39.Ra6 Qxb4 40.Qf6 Qe1 41.Ra1 Qf2 42.Qg5+ Kf8 43.Qh6+ Ke8
44.Rd1 Rd8 45.Rb1 Rd2 46.Qxh7 Qf3 47.Qh8+ Ke7 48.Qe5 Qh5+ 49.Kg2 Rxe2+ 50.Bxe2 Qxe2+
51.Kh3 Qe3 52.Qb8 Bd4 53.Rb7+ Kf6 54.Qd8+ Kg7 55.Qg5+ Kh7 56.Qh5+ Kg7 57.Rb8 Qc3
58.Qh8+  1-0

[Event "2nd Washington Int"]
[Site "Rockville USA"]
[Date "2013.08.07"]
[Round "3.14"]
[White "Abreu Delgado,A"]
[Black "Homa,S"]
[Result "1-0"]
[WhiteElo "2483"]
[BlackElo "2311"]

1.e4 c5 2.Nf3 e6 3.d4 cxd4 4.Nxd4 Nc6 5.Nc3 Qc7 6.Be3 a6 7.Qd2 Nf6 8.O-O-O Be7
9.f3 O-O 10.g4 b5 11.g5 Nh5 12.Kb1 Rb8 13.Nce2 Ne5 14.Ng3 Nc4 15.Bxc4 bxc4
16.Ka1 Nxg3 17.hxg3 f6 18.Qh2 fxg5 19.Qxh7+ Kf7 20.Qh5+ Kg8 21.Rh2 Bb7 22.Rdh1 Bxe4
23.fxe4 Qxg3 24.Ne2 Qc7 25.Qg6 Rf1+ 26.Rxf1 Qxh2 27.Bd4 Bf8 28.Be5 Qxe5 29.Qf7+  1-0

[Event "2nd Washington Int"]
[Site "Rockville USA"]
[Date "2013.08.07"]
[Round "4.6"]
[White "Garcia,Gild"]
[Black "Quesada Perez,Yu"]
[Result "0-1"]
[WhiteElo "2393"]
[BlackElo "2636"]

1.e4 c5 2.Nf3 e6 3.d4 cxd4 4.Nxd4 Nc6 5.Nc3 Qc7 6.g3 a6 7.Bg2 Nf6 8.O-O d6
9.Be3 Be7 10.Na4 Nd7 11.Nxc6 bxc6 12.c4 O-O 13.c5 d5 14.Rc1 Bf6 15.f4 Rb8
16.Rf2 a5 17.e5 Be7 18.Bh3 Ba6 19.Bd4 Bb5 20.Nc3 Qa7 21.f5 f6 22.exf6 Bxf6
23.Nxb5 Rxb5 24.fxe6 Rxc5 25.Bxc5 Nxc5 26.Kg2 Ne4 27.Rf4 Qb6 28.Qc2 c5 29.Rxe4 dxe4
30.Qxe4 Qxb2+ 31.Rc2 Qd4 32.Re2 Qxe4+ 33.Rxe4 Rb8 34.Bg4 Kf8 35.Be2 Rb2 36.a4 c4
37.Kf3 c3 38.Rc4 Ke7 39.Rc6 Rd2 40.h4 Rd6 41.Rxd6 Kxd6 42.Bd3 g6 43.h5 gxh5
44.Bxh7 Kxe6 45.Bc2 Kd5 46.Ke2 Kc4 47.Kd1 Bg5 48.Ke2 Bh6  0-1

[Event "Arad Open 2013"]
[Site "Arad ROU"]
[Date "2013.08.08"]
[Round "8.16"]
[White "Horvat,Dan"]
[Black "Cvetkovic,Sr"]
[Result "0-1"]
[WhiteElo "2209"]
[BlackElo "2352"]

1.e4 c5 2.Nf3 e6 3.d4 cxd4 4.Nxd4 Nc6 5.Nc3 a6 6.Nxc6 bxc6 7.Bd3 d5 8.Qe2 Nf6
9.O-O Be7 10.b3 Bb7 11.Bf4 O-O 12.Rad1 g6 13.Na4 Re8 14.c4 d4 15.c5 Nh5 16.Bd2 e5
17.g3 Ra7 18.b4 Bc8 19.Nb6 Bh3 20.Rfe1 a5 21.a4 axb4 22.Bxb4 Ng7 23.a5 Ne6
24.Na4 h5 25.Rb1 Kg7 26.Rec1 h4 27.Bd2 hxg3 28.fxg3 Rxa5 29.Bxa5 Qxa5 30.Ra1 Qd8
31.Rc2 Bg5 32.Kh1 Be3 33.Nb6 Nxc5 34.Rxc5 Qxb6 35.Rca5 Qd8 36.Qf3 Be6 37.h4 Qf6
38.Kg2 Bh3+ 39.Kxh3 Qxf3 40.Rf1 Bf2  0-1

[Event "TCh-ESP CECLUB Div2"]
[Site "Ciudad Real ESP"]
[Date "2013.08.08"]
[Round "3.4"]
[White "Galindo Rodriguez,F"]
[Black "Fernandez Torre,I"]
[Result "1/2-1/2"]
[WhiteElo "2232"]
[BlackElo "2221"]

1.e4 c5 2.Nf3 e6 3.d4 cxd4 4.Nxd4 Nc6 5.Nc3 Qc7 6.Be3 a6 7.a3 Nf6 8.Be2 b5
9.Nxc6 dxc6 10.f4 Bb7 11.Bf3 Be7 12.e5 Nd5 13.Nxd5 exd5 14.O-O O-O 15.c3 Rad8
16.Qe2 f6 17.exf6 Bxf6 18.Qf2 Rde8 19.Rae1 Qf7 20.g3 Bc8 21.Bc5 Rxe1 22.Rxe1 Re8
23.Re2 Rxe2 24.Qxe2 Qe6 25.Kf2 Qxe2+ 26.Kxe2 a5 27.Ke3 Kf7 28.Bd4 Bd8 29.Bc5 Bf6
30.Bd4 Bd8 31.h4 a4 32.h5 g6 33.hxg6+ hxg6 34.g4 Be7 35.Be5 Bc5+ 36.Kd3 Bd7
37.Be2 Bb6 38.Bf3 Bc5 39.Bd4 Bd6 40.Ke3 Be7 41.Be2 Bd6 42.Kf3 Bc8 43.Bd3 Bd7
44.f5 g5 45.Be3 Kf6 46.Bd4+ Kf7 47.Be3 Kf6 48.Bb6 Bf4 49.Be3  1/2-1/2

[Event "11th Davos Holiday Open 2013"]
[Site "Davos SUI"]
[Date "2013.08.08"]
[Round "3.2"]
[White "Adzic,S"]
[Black "Milov,L"]
[Result "0-1"]
[WhiteElo "2142"]
[BlackElo "2522"]

1.e4 c5 2.Nf3 e6 3.d4 cxd4 4.Nxd4 Nc6 5.Nc3 Qc7 6.g3 a6 7.Bg2 d6 8.O-O Bd7
9.a4 Nf6 10.Nb3 Be7 11.f4 O-O 12.a5 Nb4 13.Be3 Rac8 14.Bb6 Qb8 15.g4 Bc6
16.Nd4 Nd7 17.Nxc6 Nxc6 18.g5 Nxb6 19.axb6 Bd8 20.Na4 Bxb6+ 21.Nxb6 Qa7 22.Qxd6 Qxb6+
23.Kh1 Rfd8 24.Qa3 Nd4 25.Rac1 Nxc2 26.Qe7 Ne3 27.Rxc8 Rxc8 28.Rb1 Qxb2  0-1

[Event "21st Poznan Open"]
[Site "Poznan POL"]
[Date "2013.08.08"]
[Round "2.19"]
[White "Czaplinski,P"]
[Black "Zakrzewski,Bartosz"]
[Result "0-1"]
[WhiteElo "1767"]
[BlackElo "1544"]

1.e4 c5 2.Nf3 e6 3.d4 cxd4 4.Nxd4 Nc6 5.Nc3 a6 6.a4 Nf6 7.Be2 Qc7 8.O-O Bb4
9.Qd3 O-O 10.Nf3 Bxc3 11.bxc3 d5 12.exd5 Nxd5 13.Ng5 Nf6 14.f4 Rd8 15.Qf3 Ne7
16.Bd3 Bd7 17.Qh3 h6 18.Rf3 e5 19.Qh4 Bf5 20.Bxf5 Nxf5 21.Qe1 e4 22.Nxe4 Nxe4
23.Qxe4 Rd1+ 24.Kf2 Qc5+ 25.Ke2  0-1

[Event "21st Poznan Open"]
[Site "Poznan POL"]
[Date "2013.08.08"]
[Round "2.5"]
[White "Przybylak,L"]
[Black "Schmidt,Wl"]
[Result "0-1"]
[WhiteElo "1890"]
[BlackElo "2375"]

1.e4 c5 2.Nf3 e6 3.d4 cxd4 4.Nxd4 Nc6 5.Nc3 Qc7 6.Ndb5 Qb8 7.Be3 a6 8.Nd4 Qc7
9.Nf3 Nf6 10.Bg5 Be7 11.Be2 O-O 12.O-O b5 13.a3 Bb7 14.Re1 Rfd8 15.Qd2 d6
16.Rad1 Rac8 17.Qf4 h6 18.Bxh6 gxh6 19.e5 Nxe5 20.Nxe5 dxe5 21.Qxh6 e4 22.Rxd8+ Qxd8
23.Bd1 Bf8 24.Qf4 Bg7 25.Re3 Rxc3  0-1

[Event "XI Miguel Najdorf Open A 2013"]
[Site "Warsaw POL"]
[Date "2013.08.08"]
[Round "4.7"]
[White "Nowicki,B"]
[Black "Stachowiak,K"]
[Result "1-0"]
[WhiteElo "2176"]
[BlackElo "2470"]

1.e4 c5 2.Nf3 e6 3.d4 cxd4 4.Nxd4 Nc6 5.Nc3 Qc7 6.Be3 a6 7.Bd3 Nf6 8.O-O h5
9.h3 b5 10.Nxc6 Qxc6 11.a3 Bb7 12.Qe2 Rc8 13.f3 h4 14.Qf2 Be7 15.e5 Nh5 16.Rfd1 Qc7
17.f4 Ng3 18.a4 b4 19.Ne2 Ne4 20.Bxe4 Bxe4 21.c3 bxc3 22.Nxc3 Bc6 23.Rd2 Qb7
24.f5 Rh5 25.f6 gxf6 26.exf6 Bf8 27.Rf1 Rb8 28.Qe2 Re5 29.Qd3 Rh5 30.Rf4 Qc7
31.Rg4 Rh8 32.Bf4 Qa7+ 33.Kh2 Rb4 34.Bd6 Rxg4 35.Bxf8 Rg6 36.Qd6 Kd8 37.Bg7 Rh5
38.Qxc6 Qc7+  1-0

[Event "22nd Kavala Open 2013"]
[Site "Kavala GRE"]
[Date "2013.08.09"]
[Round "5.18"]
[White "Filippas,S"]
[Black "Theodorou,Nikolas"]
[Result "1/2-1/2"]
[WhiteElo "2360"]
[BlackElo "2124"]

1.e4 c5 2.Nf3 e6 3.d4 cxd4 4.Nxd4 Nc6 5.Nc3 Qc7 6.g3 a6 7.Bg2 b5 8.O-O Bb7
9.Re1 Be7 10.Nxc6 Bxc6 11.Nd5 Bxd5 12.exd5 Rc8 13.Bf4 Qa7 14.c3 Nf6 15.a4 Bc5
16.Rf1 b4 17.cxb4 Bxb4 18.a5 O-O 19.Ra4 Be7 20.d6 Bd8 21.Qd3 Nd5 22.Bxd5 exd5
23.Be5 Rc4 24.Rxc4 dxc4 25.Qc3 g6 26.h4 Qc5 27.b4 Qd5 28.Bf4 Re8 29.Re1 Re6
30.Rxe6 Qxe6 31.Be5 f6 32.Bd4 Kf7 33.Kf1 Qd5 34.Ke2 Ke6 35.Bc5 Kf7 36.Qd2 Ke6
37.Qe3+ Qe5 38.Qxe5+ Kxe5 39.b5 Kd5 40.bxa6 Kc6 41.a7 Kb7 42.a6+ Ka8 43.Ke3 Ba5
44.Kd4 c3 45.Kd3 h5 46.Kc2 g5 47.Kb3 gxh4 48.gxh4 f5 49.Kc2 f4 50.f3 Bb6
51.Bb4 Bf2 52.Bxc3 Bxh4 53.Bd4 Bg3 54.Kd3 h4 55.Ke2 h3 56.Kf1 Bf2 57.Bxf2  1/2-1/2

[Event "100th ch-GBR 2013"]
[Site "Torquay ENG"]
[Date "2013.08.09"]
[Round "11.7"]
[White "Longson,A"]
[Black "Ghasi,A"]
[Result "1/2-1/2"]
[WhiteElo "2279"]
[BlackElo "2459"]

1.e4 c5 2.Nf3 e6 3.d4 cxd4 4.Nxd4 Nc6 5.Nc3 Qc7 6.Be3 a6 7.Qd2 Nf6 8.O-O-O Be7
9.f3 h5 10.Qf2 d6 11.h3 b5  1/2-1/2

[Event "XI Miguel Najdorf Open A 2013"]
[Site "Warsaw POL"]
[Date "2013.08.09"]
[Round "5.13"]
[White "Gasik,An"]
[Black "Liberadzki,S"]
[Result "1-0"]
[WhiteElo "2212"]
[BlackElo "2088"]

1.e4 c5 2.Nf3 e6 3.d4 cxd4 4.Nxd4 Nc6 5.Nc3 Qc7 6.g3 a6 7.Bg2 d6 8.O-O Bd7
9.Nce2 Nge7 10.b3 Nxd4 11.Nxd4 Nc6 12.Bb2 Nxd4 13.Bxd4 e5 14.Bb2 Be7 15.Qd2 O-O
16.Rfd1 Bg4 17.f3 Be6 18.c4 Qc5+ 19.Kh1 f5 20.exf5 Rxf5 21.Bh3 Rf6 22.Bxe6+ Rxe6
23.Qd5 Qxd5 24.Rxd5 Rf8 25.Kg2 Ref6 26.Rf1 g5 27.c5 dxc5 28.Rxe5 R6f7 29.Ba3 b6
30.Re6 Bd8 31.Bb2 Re7 32.Rfe1 Rfe8 33.Rxe7 Rxe7 34.Rxe7 Bxe7 35.Kf2 Kf7 36.Ke3 Ke6
37.Ke4 Bd6 38.Bc1 Be7 39.f4 gxf4 40.gxf4 Bf6 41.f5+ Kf7 42.Kd5 Bd4 43.Bg5 Bg1
44.h3 b5 45.Bd8 h5 46.Bb6 Kf6 47.Bxc5 Bxc5 48.Kxc5 Kxf5 49.Kb6 Kg5 50.Kxa6 Kh4
51.Kxb5 Kxh3 52.a4 h4 53.a5  1-0

[Event "22nd ZMDI Open 2013"]
[Site "Dresden GER"]
[Date "2013.08.10"]
[Round "1.2"]
[White "Baskin,R"]
[Black "Vorobiov,E"]
[Result "1/2-1/2"]
[WhiteElo "2138"]
[BlackElo "2594"]

1.e4 c5 2.Nf3 e6 3.d4 cxd4 4.Nxd4 Nc6 5.Nc3 Qc7 6.Nb3 Nf6 7.Bd3 a6 8.O-O Be7
9.f4 d6 10.Be3 b5 11.Qf3 Bb7 12.Rae1 O-O 13.Qh3 b4 14.Ne2 e5 15.f5 Na5 16.Nd2 d5
17.exd5 Bxd5 18.c4 e4 19.cxd5 exd3 20.Nf4 Rac8 21.Bd4 Rfd8 22.Qg3 Bc5 23.Bxc5 Qxc5+
24.Qf2 Qxf2+ 25.Rxf2 Nc4 26.Nxc4 Rxc4 27.Nxd3 Rxd5 28.Rfe2 h5 29.Ne5 Rcc5
30.h3 Rd4 31.g3 a5 32.Kg2 a4 33.Nf3 Rd8 34.g4 hxg4 35.hxg4 Rcc8  1/2-1/2

[Event "22nd ZMDI Open 2013"]
[Site "Dresden GER"]
[Date "2013.08.10"]
[Round "1.13"]
[White "Hentze,M"]
[Black "Maiwald,JU"]
[Result "1/2-1/2"]
[WhiteElo "2106"]
[BlackElo "2468"]

1.e4 c5 2.Nf3 e6 3.d4 cxd4 4.Nxd4 Nc6 5.Nc3 Qc7 6.Be3 a6 7.a3 b5 8.Be2 Bb7
9.f4 b4 10.axb4 Bxb4 11.O-O Bxc3 12.bxc3 Nf6 13.Bf3 Na5 14.Qd3 Nc4 15.Bf2 O-O
16.Rfb1 Rfc8 17.e5 Nd5 18.Nf5 exf5 19.Bxd5 Bxd5 20.Qxd5 Qc6 21.Rd1 Qxd5 22.Rxd5 Rc7
23.Ra4 a5 24.Bc5 Nb2 25.Ra2 Nc4 26.Ra4 Nb2 27.Ra2  1/2-1/2

[Event "SS Manhem IM 2013"]
[Site "Gothenburg SWE"]
[Date "2013.08.10"]
[Round "1.5"]
[White "Rydstrom,Tom"]
[Black "Westerberg,J"]
[Result "1/2-1/2"]
[WhiteElo "2185"]
[BlackElo "2413"]

1.e4 c5 2.Nf3 Nc6 3.d4 cxd4 4.Nxd4 e6 5.Nc3 Qc7 6.Be3 a6 7.Be2 Nf6 8.O-O Bb4
9.Na4 O-O 10.Nxc6 bxc6 11.Nb6 Rb8 12.Nxc8 Rfxc8 13.Bxa6 Rd8 14.Bd3 Bd6 15.h3 Be5
16.c3 Rxb2 17.Qc1 Qb7 18.f4 Bc7 19.Rb1 Rxb1 20.Qxb1 Rb8 21.Qxb7 Rxb7 22.c4 d6
23.Rb1 Rxb1+ 24.Bxb1 Nd7 25.Bc2 Bb6 26.Kf2 Kf8 27.Ba4 Bxe3+ 28.Kxe3 Nb8 29.Kd4 Ke7
30.e5 dxe5+ 31.fxe5 Kd7 32.Bc2 g6 33.Bd3 Na6 34.c5 Nb4 35.a3 Nxd3 36.Kxd3 Kc7
37.Kc4 Kb7 38.Kb4 Ka6 39.Ka4 Ka7 40.Kb4 Ka6 41.Ka4 Kb7 42.Kb4 Ka8 43.Ka5 Ka7
44.Kb4 h6 45.g3 Ka6 46.Ka4 Kb7 47.Kb4 Kb8 48.Ka5 Ka7 49.Kb4 Ka6 50.Ka4 Kb7
51.Kb4 Ka8 52.Ka5 Ka7 53.Kb4 Kb8 54.Ka5 Kb7 55.g4 Ka7 56.h4 Kb7 57.g5 Ka7
58.Kb4 Kb7 59.Ka5 Ka7 60.Kb4 Ka8 61.Ka5 Kb7 62.Kb4 Kc8 63.Ka5 Kb7 64.Kb4 Kb8
65.Ka5 Ka7 66.Kb4 Ka6 67.Ka4 Kb7 68.Ka5 Ka7 69.Kb4 Ka8 70.Ka5 Kb7 71.Kb4  1/2-1/2

[Event "22nd Kavala Open 2013"]
[Site "Kavala GRE"]
[Date "2013.08.10"]
[Round "6.3"]
[White "Firat,B"]
[Black "Vidit,S"]
[Result "1/2-1/2"]
[WhiteElo "2416"]
[BlackElo "2563"]

1.e4 c5 2.Nf3 e6 3.d4 cxd4 4.Nxd4 Nc6 5.Nc3 Qc7 6.g3 a6 7.Bg2 d6 8.O-O Nxd4
9.Qxd4 Bd7 10.Na4 e5 11.Qb6 Rc8 12.b3 Bxa4 13.Qxc7 Rxc7 14.bxa4 Nf6 15.Rb1 Be7
16.Be3 O-O 17.Rb2 Rfc8 18.Rfb1 Rxc2 19.Rxb7 Bf8 20.R7b6 a5 21.Ra6 Rxa2 22.Rxa5 Rc4
23.Rb8 Rcxa4  1/2-1/2

[Event "10th Malaysian Open"]
[Site "Kuala Lumpur MAS"]
[Date "2013.08.10"]
[Round "2.36"]
[White "Fong Mi Yen"]
[Black "Fong Yit San"]
[Result "1-0"]
[WhiteElo "1885"]
[BlackElo "2105"]

1.e4 c5 2.Nf3 Nc6 3.Nc3 e6 4.d4 cxd4 5.Nxd4 Qc7 6.Be3 Bb4 7.Nb5 Qb8 8.a3 Be7
9.Be2 Nf6 10.O-O a6 11.Nd4 O-O 12.b4 Qc7 13.Qd2 b5 14.f4 d6 15.Nxc6 Qxc6
16.Bf3 e5 17.Nd5 Bd8 18.Rad1 Ng4 19.fxe5 Nxe3 20.Nxe3 Bb6 21.exd6 Ra7 22.e5 Qe8
23.Qc3 f6 24.Kh1 fxe5 25.Bc6 Bd7 26.Bxd7 Rxd7 27.Nf5 Rdf7 28.Qd3 Qe6 29.Ne7+ Kh8
30.Rxf7 Qxf7 31.Nc6 Qf6 32.h3 h6 33.Qd5 Rc8 34.Nxe5 Rxc2 35.Qa8+ Bd8 36.Qxd8+  1-0

[Event "21st Poznan Open"]
[Site "Poznan POL"]
[Date "2013.08.10"]
[Round "4.6"]
[White "Przybylski,W"]
[Black "Zakrzewski,Mare"]
[Result "1-0"]
[WhiteElo "2327"]
[BlackElo "2163"]

1.e4 c5 2.Nf3 e6 3.d4 cxd4 4.Nxd4 Nc6 5.Nc3 Qc7 6.Be3 Nf6 7.f3 a6 8.Qd2 Bb4
9.O-O-O Ne7 10.Nde2 d5 11.a3 Bc5 12.exd5 Nexd5 13.Nxd5 Nxd5 14.Bxc5 Qxc5
15.Nc3 O-O 16.Nxd5 exd5 17.Qxd5 Qe3+ 18.Kb1 Be6 19.Qd4 Qg5 20.f4 Qa5 21.Bd3 Rfd8
22.Qb4 Qxb4 23.axb4 Bd5 24.Rd2 g6 25.Rhd1 Bc6 26.g3 Re8 27.b3 Kg7 28.Kb2 h5
29.Bc4 h4 30.Rd6 Re3 31.R1d3 Re2 32.Rd2 Re3 33.R6d3 Re1 34.Rd1 Re2 35.Rd7 Bxd7
36.Bxe2 Bc6 37.Rd6 hxg3 38.hxg3 Kf8 39.Bc4 Ke7 40.Rd3 Rh8 41.Re3+ Kf6 42.Kc3 Rh2
43.Bd3 g5 44.fxg5+ Kxg5 45.Kd4 Rg2 46.c4 Rb2 47.Be2 f5 48.Kc5 Kf6 49.Bf3 Bxf3
50.Rxf3 Kg5 51.Kb6 Kg4 52.Rf4+ Kg5 53.Kxb7 Rxb3 54.c5 Rxg3 55.Rc4 f4 56.c6 f3
57.c7 f2 58.c8=Q f1=Q 59.Qg8+ Kh5 60.Qh7+ Kg5 61.Qg7+ Kh5 62.Rc5+ Kh4 63.Qh6+ Kg4
64.Qh5+  1-0

[Event "XI Miguel Najdorf Open A 2013"]
[Site "Warsaw POL"]
[Date "2013.08.10"]
[Round "6.11"]
[White "Cajbel,M"]
[Black "Stachowiak,K"]
[Result "1/2-1/2"]
[WhiteElo "2201"]
[BlackElo "2470"]

1.e4 c5 2.Nf3 Nc6 3.d4 cxd4 4.Nxd4 e6 5.Nc3 Qc7 6.g3 a6 7.Bg2 d6 8.O-O Bd7
9.Nxc6 Bxc6 10.a4 Be7 11.Be3 Nf6 12.a5 O-O 13.Re1 Nd7 14.Na4 Rac8 15.Nb6 Nxb6
16.Bxb6 Qd7 17.c4 Bd8 18.Bxd8 Rfxd8 19.Qd3 Qc7  1/2-1/2

[Event "TCh-ESP CECLUB Div2"]
[Site "Ciudad Real ESP"]
[Date "2013.08.11"]
[Round "6.4"]
[White "Silva Rodriguez,J"]
[Black "Gomez Gomez,F"]
[Result "1-0"]
[WhiteElo "2198"]
[BlackElo "2172"]

1.e4 c5 2.Nf3 e6 3.Nc3 Nc6 4.d4 cxd4 5.Nxd4 Nf6 6.Ndb5 Bb4 7.a3 Bxc3+ 8.Nxc3 d5
9.exd5 exd5 10.Bd3 O-O 11.O-O d4 12.Ne2 Bg4 13.f3 Bh5 14.Nf4 Bg6 15.Nxg6 hxg6
16.f4 Qd5 17.b4 Rad8 18.Bb2 Rfe8 19.Qf3 a6 20.Rad1 Re3 21.Qxd5 Nxd5 22.Bc4 Nc3
23.Rde1 Rde8 24.Bxc3 dxc3 25.Kf2 R3e4 26.g3 Kf8 27.Bd3 Rd4 28.Rxe8+ Kxe8
29.Re1+ Kd7 30.Re4 Rd5 31.Rc4 g5 32.fxg5 Rxg5 33.Rxc3 Rh5 34.h4 Kd6 35.Be4 a5
36.Rd3+ Kc7 37.c3 axb4 38.axb4 Re5 39.Re3 Rh5 40.Bf3 Rf5 41.g4 Rf6 42.Kg3 Kd6
43.h5 b6 44.Bxc6 Kxc6 45.Rf3 Rd6 46.Rxf7 Rd3+ 47.Rf3 Rd1 48.Kh4 Kd5 49.Rf7 Kc4
50.Rc7+ Kb3 51.Rc6 b5 52.Rc5 Rd7 53.Kg5 Rf7 54.Rxb5 Kxc3 55.Rf5 Rb7 56.b5 Kd4
57.Kg6 Ke4 58.b6 Rxb6+ 59.Kxg7 Rb1 60.Kg6 Rb6+ 61.Rf6 Rb1 62.h6 Ke5 63.h7 Rg1
64.g5  1-0

[Event "22nd ZMDI Open 2013"]
[Site "Dresden GER"]
[Date "2013.08.11"]
[Round "2.46"]
[White "Linnemann,Niklas"]
[Black "Proschmann,T"]
[Result "1-0"]
[WhiteElo "1948"]
[BlackElo "2091"]

1.e4 c5 2.Nf3 Nc6 3.d4 cxd4 4.Nxd4 e6 5.Nc3 Qc7 6.Nxc6 bxc6 7.Bd3 Nf6 8.O-O d5
9.Qe2 Be7 10.Bd2 a6 11.Rae1 Bb7 12.f4 g6 13.Kh1 h5 14.f5 Ng4 15.Bf4 e5 16.f6 exf4
17.fxe7 d4 18.Nd1 g5 19.e5 Qxe7 20.e6 Qxe6 21.Qxe6+ fxe6 22.Rxe6+ Kd8 23.Rd6+ Kc7
24.Rxd4 Rhd8 25.Re4 Rd7 26.h3 Nf6 27.Re5 Rg7 28.h4 Rag8 29.Bc4 Nd5 30.Bxd5 cxd5
31.hxg5 Kd6 32.Rf5 Rxg5 33.Rxg5 Rxg5 34.Rxf4  1-0

[Event "22nd Kavala Open 2013"]
[Site "Kavala GRE"]
[Date "2013.08.11"]
[Round "7.3"]
[White "Nevednichy,V"]
[Black "Firat,B"]
[Result "1-0"]
[WhiteElo "2573"]
[BlackElo "2416"]

1.e4 c5 2.Nf3 e6 3.d4 cxd4 4.Nxd4 Nc6 5.Nc3 Qc7 6.Be2 a6 7.Be3 Nf6 8.a3 b5
9.Nxc6 dxc6 10.f4 Bb7 11.e5 Rd8 12.Bd3 Nd5 13.Nxd5 cxd5 14.Bd4 Bc5 15.c3 Qb6
16.Qd2 O-O 17.b4 Bxd4 18.cxd4 Rc8 19.Ke2 f6 20.Qe3 Rc7 21.Rac1 fxe5 22.Qxe5 Rcf7
23.g3 Qd8 24.h4 Qb8 25.Qxb8 Rxb8 26.Rc5 Rc8 27.Rhc1 Rxc5 28.dxc5 Bc6 29.Ke3 a5
30.a4  1-0

[Event "21st Poznan Open"]
[Site "Poznan POL"]
[Date "2013.08.11"]
[Round "6.9"]
[White "Warchol,M"]
[Black "Zakrzewski,Mare"]
[Result "0-1"]
[WhiteElo "1869"]
[BlackElo "2163"]

1.e4 c5 2.Nf3 e6 3.d4 cxd4 4.Nxd4 Nc6 5.Nc3 Qc7 6.Nxc6 bxc6 7.Be3 Nf6 8.Be2 d5
9.exd5 cxd5 10.O-O Be7 11.Nb5 Qb8 12.Nxa7 Rxa7 13.Bxa7 Qxa7 14.c3 O-O 15.b4 Bd7
16.a3 Rc8 17.Qd3 Ne4 18.Qd4 Qb7 19.Rac1 Bf6 20.Qd3 Nxc3 21.Rfe1 Bb5  0-1

[Event "2nd Washington Int"]
[Site "Rockville USA"]
[Date "2013.08.11"]
[Round "9.6"]
[White "Corrales Jimenez,F"]
[Black "Homa,S"]
[Result "1-0"]
[WhiteElo "2598"]
[BlackElo "2311"]

1.e4 c5 2.Nf3 e6 3.d4 cxd4 4.Nxd4 Nc6 5.Nc3 Qc7 6.Be3 a6 7.Qd2 Nf6 8.f3 Be7
9.g4 d6 10.O-O-O O-O 11.h4 Nxd4 12.Bxd4 Nd7 13.g5 b5 14.a3 Ne5 15.Be2 Rb8
16.Rhg1 Rd8 17.h5 Bb7 18.f4 Nc6 19.Bf6 b4 20.axb4 Nxb4 21.Bxe7 Qxe7 22.f5 exf5
23.exf5 Qe5 24.g6 fxg6 25.fxg6 h6 26.Rg4 a5 27.Qf4 Na2+ 28.Nxa2 Qxe2 29.Nc3 Qf3
30.Rf1 Qxf4+ 31.Rgxf4 Rf8 32.Rf5 Bg2 33.R1f4 Bh3 34.Rxf8+ Rxf8 35.Rd4 Bg2
36.Rxd6 Bf3 37.Nd5 Re8 38.Kd2 Bxh5 39.Ra6 Rd8 40.Ke3 Bd1 41.c4 Bb3 42.Kd4 a4
43.Kc3 h5 44.Ra7 h4 45.Rf7  1-0

[Event "FIDE World Cup 2013"]
[Site "Tromso NOR"]
[Date "2013.08.11"]
[Round "1.28"]
[White "Paragua,M"]
[Black "Jakovenko,D"]
[Result "0-1"]
[WhiteElo "2565"]
[BlackElo "2724"]

1.e4 c5 2.Nf3 e6 3.d4 cxd4 4.Nxd4 Nc6 5.Nc3 Qc7 6.Be2 a6 7.O-O Nf6 8.Be3 Be7
9.f4 d6 10.Kh1 O-O 11.Qe1 Nxd4 12.Bxd4 b5 13.a3 Bb7 14.Qg3 Rad8 15.Bd3 Rd7
16.Rae1 Re8 17.Qh3 e5 18.fxe5 dxe5 19.Nd5 Bxd5 20.exd5 Rxd5 21.Bc3 Bd8 22.Rf5 g6
23.Qg3 Re6 24.Bxe5 Qe7 25.Rxf6 Rexe5 26.Rxe5 Rxe5 27.Rf1 Bc7 28.Qf2 Kg7 29.Qd4 f6
30.g3 Qe6 31.Qf2 h5 32.Qf3 Qd6 33.Rd1 Qe7 34.Qc6 Re6 35.Qd5 h4 36.gxh4 Re1+
37.Rxe1 Qxe1+ 38.Kg2 Qd2+ 39.Kf1 Qf4+ 40.Ke2 Qxh2+ 41.Kf1 Bg3 42.Qd7+ Kh6
43.Qd4 Qh1+ 44.Ke2 Qg2+ 45.Kd1 Qf3+ 46.Kd2 Bf4+ 47.Ke1 Qh1+ 48.Ke2 Qxh4 49.Qf2 Qxf2+
50.Kxf2 Bc1 51.c4 Bxb2 52.cxb5 a5 53.a4 Kg5 54.Ke3 f5 55.Be2 Be5 56.b6 Kh4
57.b7 g5 58.Bd3 f4+ 59.Ke4 Bb8 60.Be2 g4 61.Bb5 Kg3 62.Kf5 f3 63.Bc4 f2 64.Be2 Ba7
65.Kg5 Kg2 66.Kxg4 f1=Q 67.Bxf1+ Kxf1  0-1